Personnages de fiction en images - Anime - Statistiques

Statistiques générales
  • Ce quiz a été pris 122 fois
  • Le résultat moyen est 6 sur 16
Statistiques - réponses
Par images Réponse % Correct
Draken
82%
Misa
71%
Bachira
52%
Dot Pixis
52%
Momo Ayase
47%
Gyutaro
40%
Kana
39%
Yona
33%
Sophie
26%
Yuki
26%
Rebecca
25%
Yui
23%
Ame
14%
Rachel
9%
Hideyoshi
8%
Ryuji
7%
Aucun quiz correspondant
Distribution des résultats
% des personnes avec chaque résultat
Percentile par nombre de réponses
Votre historique - résultats
Vous n’avez pas pris ce quiz